Biblioteca

Liderazgo de éxito a través de los 12 (Registro nro. 69065)

Detalles MARC
000 -LÍDER
Campo fijo de descripción fija 01736aam a2200313 i 4500
001 - NÚMERO DE CONTROL
Campo de control 768714001
003 - IDENTIFICADOR DEL NÚMERO DE CONTROL
Campo de control CO-MdFUSB
005 - FECHA Y HORA DE LA ULTIMA TRANSACCIÓN
control field 20231005155725.0
007 - CAMPO FIJO DE DESCRIPCIÓN FIJA--INFORMACIÓN GENERAL
Campo fijo de descripción fija ta
008 - ELEMENTOS DE LONGITUD FIJA -- INFORMACIÓN GENERAL
Campo fijo de descripción fija -- Información general 230927t19991999ck ||||g |||| 00| 0 spa d
020 ## - NÚMERO INTERNACIONAL NORMALIZADO PARA LIBROS
Número Internacional Normalizado del libro 9588092051
040 ## - FUENTE DE CATALOGACIÓN
Agencia de catalogación original CO-MdFUSB
Idioma de catalogación spa
Agencia que realiza la transcripción CO-MdFUSB
Agencia que realiza la modificación CO-MdFUSBC
Convenciones de la descripción rda
041 ## - CÓDIGO DE IDIOMA
Código de idioma para texto/pista de sonido o título separado spa
082 ## - NÚMERO DE CLASIFICACIÓN DECIMAL DEWEY
Número de la edición del Dewey 23
Número de clasificación 253
Clave de autor-Numero de item C348
100 ## - ASIENTO PRINCIPAL--NOMBRE PERSONAL
Nombre personal Castellanos D., César,
Término relacionador autor
245 ## - TÍTULO
Título del Material Liderazgo de éxito a través de los 12
Mención de responsabilidad, etc. / César Castellanos D.
264 #1 - PRODUCCIÓN, PUBLICACIÓN, DISTRIBUCIÓN, MANUFACTURA, Y COPYRIGHT
Lugar de producción, publicación, distribución, manufactura Bogota, Colombia :
Nombre del productor, publicador, distribuidor Visión Literaria Internacional,
Fecha de producción, publicación, distribución, manufactura, o copyright [1999]
264 #4 - PRODUCCIÓN, PUBLICACIÓN, DISTRIBUCIÓN, MANUFACTURA, Y COPYRIGHT
Fecha de producción, publicación, distribución, manufactura, o copyright ©1999
300 ## - DESCRIPCIÓN FÍSICA
Extensión 398 páginas
Dimensiones ; 21 cm.
336 ## - TIPO DE CONTENIDO
Fuente rdacontent
Término de tipo de contenido texto
Código de tipo de contenido txt
337 ## - TIPO DE MEDIO
Fuente rdamedia
Nombre del tipo de medio sin mediación
Código del tipo de medio n
338 ## - TIPO DE SOPORTE
Fuente rdacarrier
Nombre del tipo de soporte volumen
Código Tipo de soporte nc
505 ## - NOTA DE CONTENIDO
Nota de contenido con formato preestablecido Parte I. Liderazgo y visión: el poder de una visión -- La influencia del carácter -- El líder vencedor -- Pasos para alcanzar el éxito -- Parte II. Los doce sinónimos de éxito: el líder es la clave -- Conquista de naciones -- ¿Quién es quién? -- Capacitados para el triunfo -- Parte III. Visión celular: revolución del siglo XXI. Visión celular -- Una escalera hacia el éxito -- Consolidar -- Discipular y Enviar.
520 ## - NOTA DE RESUMEN, ETC.
Nota de sumario, etc. Cesar y Claudia Castellanos lideran un ministerio desafiante e innovador, con las estrategias claves para la multiplicación. Liderazgo de éxito a través de los doce, ha sido dado por el Espíritu de Dios como una poderosa herramienta que nos ayudara para que su obra se lleve efectivamente a cabo, y será de gran apoyo para todos aquellos que de verdad sienten un llamado a continuar la obra iniciada por el Señor Jesucristo.
563 ## - NOTA DE ENCUADERNACIÓN
Nota de encuadernación Rústico
650 #7 - ASIENTO SECUNDARIO DE MATERIA - TERMINO TEMÁTICO
Fuente del encabezamiento o término embne
9 (RLIN) 7271
Término temático o nombre geográfico como elemento de entrada Liderazgo cristiano
942 ## - TIPO DE MATERIAL (KOHA)
Tipo de Item KOHA Libros General
945 ## - INFORMACIÓN LOCAL DEL REGISTRO
Catalogador sor1564
Existencias
Estado de Material Estado de Perdido Forma de Clasificación Estado de Dañado No para Préstamo Colección Biblioteca de Origen Biblioteca Permanente Fecha de Adquisición Área Total de Préstamos Signatura Topográfica Código de Barras Última vez visto Última vez Préstado Ejemplar/Existencia Fecha de Remplazo Tipo de Material
    Dewey Decimal Classification     Colección General Biblioteca FUSBC Biblioteca FUSBC 27/09/2023 LIDERAZGO 1 G 253 C348l 22556 14/02/2024 06/02/2024 Ej. 1 27/09/2023 Libros General

Biblioteca FUSBC | Teléfono: (57+4) 349 88 10 Ext. 141| WhatsApp (+57) 3005338115 
E-mail: biblioteca@unisbc.edu.co | Calle 76 87-14 Robledo Palenque, Medellín, Colombia

Con tecnología Koha